000 00364nam a22001577a 4500
003 MPLRDC
005 20220104143137.0
008 210129b ||||| |||| 00| 0 eng d
082 _a848.1 MD-15
100 _a茅盾著
245 _a话匣子
_c
260 _a
_b良友图书公司
_c1945
300 _b
650 _a现代别集
942 _cBK
_o848.1 MD-15
999 _c37053
_d37043